header

Heronis definitiones cum variis collectionibus (Record no. 210090)

MARC details
000 -LEADER
fixed length control field 01606nam a2200397 a 4500
100 0# - MAIN ENTRY--AUTHOR NAME
Personal name Hero,
245 10 - TITLE STATEMENT
Title Heronis definitiones cum variis collectionibus
260 ## - PUBLICATION, DISTRIBUTION, ETC. (IMPRINT)
Place of publication Stuttgart :
Name of publisher B.G. Teubner,
Year of publication 1976.
300 ## - PHYSICAL DESCRIPTION
Number of Pages xxix, 449 p. :
Other physical details ill.
490 0# - SERIES STATEMENT
Series statement Heronis Alexandrini opera quae supersunt omnia ;
500 ## - GENERAL NOTE
General note "Cum LXII figuris."
650 #0 - SUBJECT ADDED ENTRY--TOPICAL TERM
Topical Term Mathematics, Greek.
Topical Term Geometry
700 1# - ADDED ENTRY--PERSONAL NAME
Personal name Schmidt, Guilelmi.
Personal name Heiberg, J. L.
856 40 - ELECTRONIC LOCATION AND ACCESS
Uniform Resource Identifier http://site.ebrary.com/lib/rucke/Doc?id=10591389

No items available.

© 2026 Rongo University
Contact us: librarian | system librarian | Rongo university